000 00360nam a22001457a 4500
003 OSt
005 20160727222404.0
008 160623b xxu||||| |||| 00| 0 eng d
040 _cTEST
100 _9787
_aHindsey, H
245 _aThe Late Great Planet Earth
260 _aNEW YORK
_bBANTOM BOOKS
_c1970
300 _aThe Late Great Planet Earth
942 _2ddc
_cBK
999 _c630
_d630